NLSUI OPAC header image

Non-international armed conflicts in international law (Record no. 35875)

MARC details
000 -LEADER
fixed length control field 01233nam a2200217Ia 4500
003 - CONTROL NUMBER IDENTIFIER
control field OSt
005 - DATE AND TIME OF LATEST TRANSACTION
control field 20210112120236.0
008 - FIXED-LENGTH DATA ELEMENTS--GENERAL INFORMATION
fixed length control field 160316s2014 xxu||||| |||| 00| 0 eng
020 ## - INTERNATIONAL STANDARD BOOK NUMBER
International Standard Book Number 9781107633759
040 ## - CATALOGING SOURCE
Transcribing agency NLS
082 ## - DEWEY DECIMAL CLASSIFICATION NUMBER
Classification number 341.6
Item number DIN
100 ## - MAIN ENTRY--PERSONAL NAME
Personal name Dinstein Yoram
245 ## - TITLE STATEMENT
Title Non-international armed conflicts in international law
260 ## - PUBLICATION, DISTRIBUTION, ETC.
Place of publication, distribution, etc. Cambridge
Name of publisher, distributor, etc. Cambridge University Press
Date of publication, distribution, etc. 2014
300 ## - PHYSICAL DESCRIPTION
Extent 264p
Dimensions xxviii
365 ## - TRADE PRICE
Price amount Rs. 3,135
505 ## - FORMATTED CONTENTS NOTE
Formatted contents note Contents; <br/>Preface;<br/>Table of cases;<br/>Table of treaties;<br/>Table of Security Council resolutions; <br/>Table of General Assembly resolutions; <br/>Abbreviations;<br/>1. The framework;<br/>2. The preconditions of a NIAC; <br/>3. Thresholds and interaction of armed conflicts;<br/>4. Insurgent armed groups and individuals;<br/>5. Foreign intervention in a NIAC; <br/>6. Recognition;<br/>7. State responsibility;<br/>8. The principal LONIAC treaty provisions;<br/>9. Additional treaty texts;<br/>10 .NIAC war crimes;<br/>11. LONIAC customary international law;<br/>12. LONIAC and human rights law;<br/>Conclusions;<br/> Index of persons;<br/> Index of subjects;<br/><br/>
650 ## - SUBJECT ADDED ENTRY--TOPICAL TERM
Topical term or geographic name entry element 1. War - International Law 2. War - Victims - Lgal Status 3. Intevention - International Law
700 ## - ADDED ENTRY--PERSONAL NAME
Personal name
--
942 ## - ADDED ENTRY ELEMENTS (KOHA)
Source of classification or shelving scheme Dewey Decimal Classification
Koha item type BOOKs
Holdings
Withdrawn status Lost status Damaged status Not for loan Home library Current library Shelving location Date acquired Cost, normal purchase price Total Checkouts Full call number Barcode Date last seen Price effective from Koha item type
        NLS NLS   30/05/2017 3135.00   341.6 DIN 31131 30/05/2017 30/05/2017 BOOKs